000 00602cam a22002052 4500
001 0000002685
005 20151217151902.0
008 070418s xx 000 0 eng d
020 _a0471163147 :
_cGBP12.99
040 _aKABU
_cKABU
050 0 _aPN421
_b.Q34
100 1 _aQubein, Nido R.
_@0000152160
245 1 0 _aHow to be a great communicator :
_bin person, on paper and on the podium.
260 _aNew York :
_bJ. Wiley,
_c1997.
300 _axiv, 249 p.
650 0 _aPublic speaking.
_@0000152161
908 _a070418
950 _@1
999 _c5970
_d5970